000 00715cab a2200217 4500
001 WB3422-44
008 090401t1998 xxu||||| |||| 00| 0 eng d
035 _a(Sirsi) u86728
041 _aeng
245 _aSingle body to oversee professions
260 _c1998
350 _a0
490 _aFinancial Times
_v6 June 1998, 11; 9 June 1998, 9(2)
520 _aThe President of the Institute of Chartered Accountant`s, Chris Swinson, has called for a US-style `oversight body` to cover all professions.
650 _aPROFESSIONAL BODIES
650 _aPROFESSIONAL ETHICS
650 _aREGULATORY BODY
690 _aMANAGEMENT-BUSINESS MANAGEMENT-PROFESSIONAL PRACTICE
942 _n0
948 _c09/06/1998
999 _c54616
_d54616